• 首页
  • 本馆介绍
  • 公告通知
  • 最新文献
  • 馆藏检索
  • 电子资源
  • 读者导购
  • 参考咨询
  • 我的图书馆
  • 登录
  • 详细信息显示
  • 放入我的书架
  • 预约/预借图书
  • 作者相关作品
  • 分类相关作品
  • 丛书相关作品
  • 出版社相关作品

书目信息

  • 表格格式
  • 工作单格式
  • 卡片格式
题名:
小学语文词语手册
    
 
作者: 王光中 编著
分册: 第五册  
出版信息: 福州   福建教育出版社  1981-1983
页数: 83页
开本: 19cm
丛书名:
单 册:
中图分类: G624.2
科图分类:
主题词: 词语-语文--小学--手册 , 语文-词语--小学--手册
电子资源:
ISBN:
000 00635nam0 2200229 45
001 0181007534
005 20060808084405.20
010    @dCNY0.22
100    @a19950705f19811983cemy0chiy0121 ea
101 0  @achi
102    @aCN@b350000
105    @ay z 000yy
200 10 @a小学语文词语手册@h第五册@Axiao xue yu wen ci yu shou ce@f王光中编著
210    @a福州@c福建教育出版社@d1981-1983
215    @a83页@d19cm
606    @a词语-语文@x小学@x手册
606    @a语文-词语@x小学@x手册
690    @aG624.2@v3
701  0 @a王光中@Awang guang zhong@4编著
801  2 @aCN@bNLC@c20060808
801  0 @aCN@bTSSF
905    @a10447@dG624.2@e177
    
    小学语文词语手册.第五册/王光中编著.-福州:福建教育出版社,1981-1983
    83页;19cm
    
    
    ISBN :CNY0.22
    
●
相关链接 在E读中查询图书 在五车中查询图书 在当当中查询图书 在豆瓣中查询图书


正题名:小学语文词语手册     索取号:G624.2/177         预约/预借

序号 登录号 条形码 馆藏地/架位号 状态 备注
1 0447233   204472338   第一样本阅览室/ [索取号:G624.2/177] 在馆    
唐山师范学院图书馆 欢迎您!
大连网信软件有限公司© 版权所有